[Event "Oskarja Memorial 10th"]
[Site "Chess.com INT"]
[Date "2021.01.16"]
[Round "15"]
[White "Dzudov, Janko"]
[Black "Kos, Jernej"]
[Result "0-1"]
[WhiteElo "1494"]
[BlackElo "1244"]
[PlyCount "60"]
[EventDate "2021.01.16"]
[EventType "swiss (blitz)"]
[EventRounds "15"]
[EventCountry "SLO"]
[SourceTitle "CBM 200 Extra"]
[Source "ChessBase"]
[SourceDate "2021.03.31"]
[SourceVersion "1"]
[SourceVersionDate "2021.03.31"]
[SourceQuality "1"]

1. e4 c6 2. h3 d5 3. e5 Bf5 4. d4 Nd7 5. Be2 e6 6. Nf3 c5 7. c4 cxd4 8. 0-0 dxc4 9. Nxd4 Bg6 10. f4 Bc5 11. Be3 Ne7 12. Bxc4 0-0 13. Bf2 Qb6 14. b3 Rfd8 15. Nc3 Nf5 16. Nxf5 Bxf5 17. Qf3 Bxf2+ 18. Qxf2 Qxf2+ 19. Kxf2 Nc5 20. Rad1 Kf8 21. g4 Ne4+ 22. Nxe4 Bxe4 23. Ke3 Bg2 24. Rxd8+ Rxd8 25. Rf2 Bxh3 26. g5 Bf5 27. Rc2 Bxc2 28. Bxe6 fxe6 29. f5 Bxf5 30. g6 Bxg6 0-1

[Event "Oskarja Memorial 10th"]
[Site "Chess.com INT"]
[Date "2021.01.16"]
[Round "10"]
[White "Kos, Jernej"]
[Black "Slejko, Vladimir"]
[Result "1-0"]
[WhiteElo "1244"]
[BlackElo "1894"]
[PlyCount "73"]
[EventDate "2021.01.16"]
[EventType "swiss (blitz)"]
[EventRounds "15"]
[EventCountry "SLO"]
[SourceTitle "CBM 200 Extra"]
[Source "ChessBase"]
[SourceDate "2021.03.31"]
[SourceVersion "1"]
[SourceVersionDate "2021.03.31"]
[SourceQuality "1"]

1. e4 b6 2. d4 Bb7 3. d5 d6 4. c4 Nd7 5. f4 g6 6. Nf3 Bg7 7. Bd2 a6 8. Bc3 Ngf6 9. e5 dxe5 10. fxe5 Nh5 11. Bd3 0-0 12. 0-0 Nc5 13. Bc2 e6 14. b4 Nd7 15. d6 cxd6 16. exd6 Bxf3 17. Qxf3 Ne5 18. Qd1 Nxc4 19. Bxg7 Nxg7 20. d7 Ra7 21. Qe2 Nd6 22. Nc3 b5 23. Rad1 Nc4 24. Ne4 f5 25. Nc5 e5 26. a4 Kh8 27. Bb3 Nb6 28. axb5 axb5 29. Qxe5 Nxd7 30. Nxd7 Rxd7 31. Qxb5 Rxd1 32. Rxd1 Qe7 33. Qc5 Qf6 34. b5 Rb8 35. h3 h5 36. Rd6 Qa1+ 37. Kh2 1-0